Un nuevo proceso de referencia al servicio de los científicos sociales

محفوظ في:
التفاصيل البيبلوغرافية
المؤلف الرئيسي: Riggs, Fred W.
التنسيق: نص
منشور في: Paris: UNESCO
الوسوم: إضافة وسم
لا توجد وسوم, كن أول من يضع وسما على هذه التسجيلة!

MARC

LEADER 00000 a a2200000 04500
001 25081
003
040 |a CRAI/IIS  |c CRAI/IIS 
020 |a 92-3-302418-8  
090 |a 179800  
100 |a Riggs, Fred W.  
245 |a Un nuevo proceso de referencia al servicio de los científicos sociales  
260 |a Paris:   |b UNESCO  
300 |a 67 p.  
999 |c 17471  |d 17471